Visualizzazione normale
Vista MARC
- Gaskill
di Personal Name
Records bibliografici associati: 1
001 - CONTROL NUMBER
- control field: 32763
003 - CONTROL NUMBER IDENTIFIER
- control field: IT-RoPau
005 - DATE AND TIME OF LATEST TRANSACTION
- control field: 20140701175326.0
008 - FIXED-LENGTH DATA ELEMENTS
- fixed length control field: 140701|| aca||aabn | a|a d
040 ## - CATALOGING SOURCE
- Original cataloging agency: IT-RoPau
- Transcribing agency: IT-RoPau
100 ## - HEADING--PERSONAL NAME
- Personal name: Gaskill
- Miscellaneous information: Codice autore SPICS: 51932
- Relator term: Autore
- Name of part/section of a work: I Can't Believe That You Are In Love With Me
670 ## - SOURCE DATA FOUND
- Source citation: Work cat.: (IT-RoPau)99260: AA.VV. 794, Lost Life